000 01138na a2200361 4500
001 16982
003 MIRAKIL
005 20181213154918.0
008 161019b tu 000 0
020 _a9756623098
035 _a16982
040 _aMilas
_btur
_cTR-AnCHP
041 _atur
082 _aCHP 324.2
_bŞ35c 2003
090 _aCHP 324.2 Ş35c 2003
100 _aŞen, Seyit Mehmet
245 _aCHP'den AKP'ye
_bsiyasi alan belirlemesi
_cSeyit Mehmet Şen
246 _aCHPden AKPye
246 _aSiyasi alan belirlemesi
246 _aCumhuriyet Halk Partisinden Adalet ve Kalkınma Partisine siyasi alan belirlemesi
246 _aCHPden AKPye siyasi alan belirlemesi
260 _aAnkara
_bSen
_c2003
300 _a160 s.
_c24 sm.
440 _aSen yayınları
_v11
490 _aSiyaset dizisi
_v1
610 _aCHP
_xOy kayması
610 _aAKP
_xOy kayması
650 _aSiyasal partiler
_xOy dağılımı
_yTarih
_zTürkiye
650 _aSiyasal partiler
_xGenel seçimler
_yOy dağılımı
_zTürkiye
650 _aOy kayması
_xSiyasal partiler
_zTürkiye
657 _aOy geçişi
942 _2dcc
_cBKS
999 _c3036
_d3036